[Event "Amsterdam Science Park 2023"]
[Site "Science Park, Amsterdam, Netherlands"]
[Date "2023.07.20"]
[Round "6.9"]
[White "Bosboom, Ardin"]
[Black "Van Rootselaar, Rik"]
[Result "0-1"]
[WhiteElo "2106"]
[BlackElo "1891"]

1. d4 {[%clk 01:30:58]} {[%emt 00:00:01]} f5 {[%clk 01:29:30]} {[%emt
00:01:30]} 2. Nc3 {[%clk 01:31:14]} {[%emt 00:00:14]} Nf6 {[%clk 01:29:45]}
{[%emt 00:00:15]} 3. Bg5 {[%clk 01:31:36]} {[%emt 00:00:07]} d5 {[%clk
01:30:03]} {[%emt 00:00:12]} 4. f3 {[%clk 01:31:53]} {[%emt 00:00:14]} g6
{[%clk 01:24:14]} {[%emt 00:06:19]} 5. e4 {[%clk 01:29:23]} {[%emt 00:03:00]}
fxe4 {[%clk 01:19:22]} {[%emt 00:05:22]} 6. fxe4 {[%clk 01:29:19]} {[%emt
00:00:34]} dxe4 {[%clk 01:15:10]} {[%emt 00:04:42]} 7. Bc4 {[%clk 01:28:49]}
{[%emt 00:01:00]} Nc6 {[%clk 01:13:13]} {[%emt 00:02:27]} 8. Nge2 {[%clk
01:28:06]} {[%emt 00:01:12]} Na5 {[%clk 01:10:14]} {[%emt 00:03:28]} 9. Bb3
{[%clk 01:21:28]} {[%emt 00:07:09]} Nxb3 {[%clk 01:08:19]} {[%emt 00:02:26]} 10.
axb3 {[%clk 01:21:54]} {[%emt 00:00:04]} Bg7 {[%clk 01:08:31]} {[%emt
00:00:17]} 11. O-O {[%clk 01:20:48]} {[%emt 00:01:37]} O-O {[%clk 01:08:07]}
{[%emt 00:00:54]} 12. Qd2 {[%clk 01:20:33]} {[%emt 00:00:46]} c6 {[%clk
00:54:24]} {[%emt 00:14:13]} 13. Rae1 {[%clk 01:09:16]} {[%emt 00:11:46]} Be6
{[%clk 00:49:43]} {[%emt 00:05:11]} 14. Nf4 {[%clk 01:06:29]} {[%emt 00:03:17]}
Bf5 {[%clk 00:47:01]} {[%emt 00:03:12]} 15. Nfe2 {[%clk 00:57:30]} {[%emt
00:09:29]} Nd5 {[%clk 00:43:04]} {[%emt 00:04:26]} 16. Nd1 {[%clk 00:51:31]}
{[%emt 00:06:29]} a5 {[%clk 00:39:13]} {[%emt 00:04:21]} 17. Ng3 {[%clk
00:49:08]} {[%emt 00:02:53]} Qb6 {[%clk 00:35:46]} {[%emt 00:03:57]} 18. c3
{[%clk 00:44:35]} {[%emt 00:05:03]} e5 {[%clk 00:35:49]} {[%emt 00:00:27]} 19.
Nxe4 {[%clk 00:43:52]} {[%emt 00:01:13]} exd4 {[%clk 00:35:10]} {[%emt
00:01:09]} 20. c4 {[%clk 00:44:18]} {[%emt 00:00:04]} Ne3 {[%clk 00:30:15]}
{[%emt 00:05:24]} 21. Nxe3 {[%clk 00:42:57]} {[%emt 00:01:52]} dxe3 {[%clk
00:30:32]} {[%emt 00:00:13]} 22. Bxe3 {[%clk 00:43:17]} {[%emt 00:00:09]} Qxb3
{[%clk 00:30:33]} {[%emt 00:00:29]} 23. Bd4 {[%clk 00:42:52]} {[%emt 00:00:55]}
Rfd8 {[%clk 00:28:41]} {[%emt 00:02:22]} 24. Qc3 {[%clk 00:43:01]} {[%emt
00:00:22]} 0-1

[Event "Amsterdam Science Park 2023"]
[Site "Science Park, Amsterdam, Netherlands"]
[Date "2023.07.20"]
[Round "6.10"]
[White "De Winter, Arthur"]
[Black "Van Zutphen, Jimmy"]
[Result "0-1"]
[WhiteElo "2378"]
[BlackElo "2067"]

1. e4 {[%clk 01:30:02]} {[%emt 00:00:57]} c5 {[%clk 01:30:27]} {[%emt
00:00:33]} 2. Nf3 {[%clk 01:30:09]} {[%emt 00:00:22]} Nc6 {[%clk 01:30:42]}
{[%emt 00:00:15]} 3. d4 {[%clk 01:30:36]} {[%emt 00:00:04]} cxd4 {[%clk
01:31:09]} {[%emt 00:00:03]} 4. Nxd4 {[%clk 01:31:03]} {[%emt 00:00:02]} Nf6
{[%clk 01:30:20]} {[%emt 00:01:19]} 5. Nc3 {[%clk 01:31:25]} {[%emt 00:00:08]}
e5 {[%clk 01:30:45]} {[%emt 00:00:05]} 6. Ndb5 {[%clk 01:31:52]} {[%emt
00:00:03]} d6 {[%clk 01:31:08]} {[%emt 00:00:07]} 7. Nd5 {[%clk 01:32:15]}
{[%emt 00:00:08]} Nxd5 {[%clk 01:31:15]} {[%emt 00:00:23]} 8. exd5 {[%clk
01:32:40]} {[%emt 00:00:04]} Nb8 {[%clk 01:31:39]} {[%emt 00:00:07]} 9. a4
{[%clk 01:33:06]} {[%emt 00:00:04]} Be7 {[%clk 01:30:33]} {[%emt 00:01:35]} 10.
Be2 {[%clk 01:33:25]} {[%emt 00:00:11]} O-O {[%clk 01:30:32]} {[%emt 00:00:31]}
11. Bd2 {[%clk 01:33:52]} {[%emt 00:00:02]} a6 {[%clk 01:29:04]} {[%emt
00:01:58]} 12. Na3 {[%clk 01:34:07]} {[%emt 00:00:15]} Nd7 {[%clk 01:26:12]}
{[%emt 00:03:22]} 13. a5 {[%clk 01:33:35]} {[%emt 00:01:03]} f5 {[%clk
01:21:36]} {[%emt 00:05:05]} 14. Nc4 {[%clk 01:30:49]} {[%emt 00:03:16]} g5
{[%clk 01:15:14]} {[%emt 00:06:52]} 15. O-O {[%clk 01:23:03]} {[%emt 00:08:16]}
Rf7 {[%clk 00:55:05]} {[%emt 00:20:39]} 16. Bb4 {[%clk 01:17:52]} {[%emt
00:05:41]} Rf6 {[%clk 00:50:34]} {[%emt 00:05:01]} 17. Ra3 {[%clk 01:07:41]}
{[%emt 00:10:42]} Rh6 {[%clk 00:43:04]} {[%emt 00:07:59]} 18. Qd2 {[%clk
00:58:27]} {[%emt 00:09:45]} Nf8 {[%clk 00:39:11]} {[%emt 00:04:22]} 19. Nb6
{[%clk 00:57:32]} {[%emt 00:01:25]} Rb8 {[%clk 00:38:23]} {[%emt 00:01:17]} 20.
c4 {[%clk 00:54:32]} {[%emt 00:03:30]} Ng6 {[%clk 00:34:55]} {[%emt 00:03:58]}
21. Rc3 {[%clk 00:49:29]} {[%emt 00:05:34]} g4 {[%clk 00:27:49]} {[%emt
00:07:36]} 22. Qxh6 {[%clk 00:48:20]} {[%emt 00:01:39]} Bg5 {[%clk 00:27:47]}
{[%emt 00:00:32]} 23. Qxg5 {[%clk 00:48:35]} {[%emt 00:00:14]} Qxg5 {[%clk
00:28:11]} {[%emt 00:00:06]} 24. Bxd6 {[%clk 00:49:03]} {[%emt 00:00:02]} f4
{[%clk 00:19:17]} {[%emt 00:09:24]} 25. Bxb8 {[%clk 00:38:42]} {[%emt
00:10:51]} f3 {[%clk 00:14:37]} {[%emt 00:05:10]} 26. Nxc8 {[%clk 00:33:30]}
{[%emt 00:05:42]} fxe2 {[%clk 00:14:24]} {[%emt 00:00:43]} 27. Re1 {[%clk
00:33:42]} {[%emt 00:00:18]} Qd2 {[%clk 00:13:46]} {[%emt 00:01:07]} 28. Rcc1
{[%clk 00:34:05]} {[%emt 00:00:08]} Nf4 {[%clk 00:12:00]} {[%emt 00:02:16]} 29.
Ba7 {[%clk 00:21:42]} {[%emt 00:12:53]} Nd3 {[%clk 00:07:23]} {[%emt 00:05:07]}
30. Be3 {[%clk 00:19:28]} {[%emt 00:02:44]} Qxa5 {[%clk 00:05:43]} {[%emt
00:02:11]} 31. Rxe2 {[%clk 00:17:50]} {[%emt 00:02:08]} Nxc1 {[%clk 00:05:57]}
{[%emt 00:00:15]} 32. Bxc1 {[%clk 00:16:37]} {[%emt 00:01:43]} Qc5 {[%clk
00:06:13]} {[%emt 00:00:14]} 33. b3 {[%clk 00:14:19]} {[%emt 00:02:48]} Qxc8
{[%clk 00:05:55]} {[%emt 00:00:48]} 34. Rxe5 {[%clk 00:13:56]} {[%emt
00:00:53]} b5 {[%clk 00:05:38]} {[%emt 00:00:46]} 35. Re4 {[%clk 00:04:09]}
{[%emt 00:10:17]} Qf5 {[%clk 00:05:46]} {[%emt 00:00:22]} 36. Re1 {[%clk
00:03:41]} {[%emt 00:00:58]} bxc4 {[%clk 00:05:16]} {[%emt 00:01:01]} 37. bxc4
{[%clk 00:04:07]} {[%emt 00:00:03]} Qd3 {[%clk 00:05:05]} {[%emt 00:00:40]} 38.
d6 {[%clk 00:02:35]} {[%emt 00:02:03]} Qxd6 {[%clk 00:04:41]} {[%emt 00:00:53]}
39. Be3 {[%clk 00:02:59]} {[%emt 00:00:06]} a5 {[%clk 00:02:24]} {[%emt
00:02:47]} 40. c5 {[%clk 00:03:17]} {[%emt 00:00:12]} Qc6 {[%clk 00:02:16]}
{[%emt 00:00:38]} 41. Rb1 {[%clk 00:20:00]} {[%emt 00:13:47]} a4 {[%clk
00:28:31]} {[%emt 00:04:15]} 42. Rb6 {[%clk 00:20:01]} {[%emt 00:00:28]} Qd5
{[%clk 00:27:46]} {[%emt 00:01:15]} 43. h3 {[%clk 00:19:23]} {[%emt 00:01:09]}
gxh3 {[%clk 00:25:34]} {[%emt 00:02:43]} 44. gxh3 {[%clk 00:19:48]} {[%emt
00:00:04]} a3 {[%clk 00:24:35]} {[%emt 00:01:29]} 45. Rd6 {[%clk 00:17:30]}
{[%emt 00:02:48]} Qc4 {[%clk 00:22:09]} {[%emt 00:02:57]} 46. Rd8+ {[%clk
00:07:05]} {[%emt 00:10:55]} Kf7 {[%clk 00:21:51]} {[%emt 00:00:47]} 47. Ra8
{[%clk 00:07:27]} {[%emt 00:00:09]} a2 {[%clk 00:16:19]} {[%emt 00:06:02]} 48.
c6 {[%clk 00:04:50]} {[%emt 00:03:07]} Qd5 {[%clk 00:10:10]} {[%emt 00:06:38]}
49. Bd4 {[%clk 00:01:54]} {[%emt 00:03:26]} Qxd4 {[%clk 00:07:32]} {[%emt
00:03:08]} 50. Rxa2 {[%clk 00:02:21]} {[%emt 00:00:03]} Qd1+ {[%clk 00:07:38]}
{[%emt 00:00:23]} 51. Kh2 {[%clk 00:02:47]} {[%emt 00:00:04]} Qd6+ {[%clk
00:07:46]} {[%emt 00:00:22]} 52. Kg1 {[%clk 00:03:06]} {[%emt 00:00:10]} Qxc6
{[%clk 00:07:33]} {[%emt 00:00:43]} 53. Re2 {[%clk 00:03:06]} {[%emt 00:00:30]}
Qc1+ {[%clk 00:06:44]} {[%emt 00:01:19]} 54. Kg2 {[%clk 00:03:15]} {[%emt
00:00:21]} Qc6+ {[%clk 00:06:26]} {[%emt 00:00:48]} 55. Kg1 {[%clk 00:03:13]}
{[%emt 00:00:32]} Kf6 {[%clk 00:06:28]} {[%emt 00:00:28]} 56. Re3 {[%clk
00:03:30]} {[%emt 00:00:13]} Kf5 {[%clk 00:06:35]} {[%emt 00:00:23]} 57. Rg3
{[%clk 00:03:06]} {[%emt 00:00:54]} h5 {[%clk 00:06:02]} {[%emt 00:01:03]} 58.
Re3 {[%clk 00:02:55]} {[%emt 00:00:41]} Kf4 {[%clk 00:06:01]} {[%emt 00:00:31]}
59. Rg3 {[%clk 00:03:04]} {[%emt 00:00:20]} h4 {[%clk 00:05:38]} {[%emt
00:00:54]} 60. Re3 {[%clk 00:03:27]} {[%emt 00:00:07]} Qc2 {[%clk 00:05:20]}
{[%emt 00:00:48]} 61. Kf1 {[%clk 00:03:06]} {[%emt 00:00:51]} Qd1+ {[%clk
00:05:15]} {[%emt 00:00:35]} 62. Kg2 {[%clk 00:03:30]} {[%emt 00:00:06]} Qd5+
{[%clk 00:04:52]} {[%emt 00:00:53]} 63. Kg1 {[%clk 00:03:50]} {[%emt 00:00:10]}
Qc6 {[%clk 00:03:54]} {[%emt 00:01:28]} 64. Kf1 {[%clk 00:02:31]} {[%emt
00:01:50]} Qh1+ {[%clk 00:04:00]} {[%emt 00:00:24]} 65. Ke2 {[%clk 00:02:58]}
{[%emt 00:00:03]} Qc1 {[%clk 00:03:49]} {[%emt 00:00:41]} 66. Rf3+ {[%clk
00:03:03]} {[%emt 00:00:25]} Ke4 {[%clk 00:04:10]} {[%emt 00:00:08]} 67. Re3+
{[%clk 00:03:30]} {[%emt 00:00:03]} Kd4 {[%clk 00:04:33]} {[%emt 00:00:07]} 68.
Rd3+ {[%clk 00:03:57]} {[%emt 00:00:03]} Ke4 {[%clk 00:03:47]} {[%emt
00:01:16]} 69. Re3+ {[%clk 00:04:24]} {[%emt 00:00:03]} Kf4 {[%clk 00:04:09]}
{[%emt 00:00:08]} 70. Rf3+ {[%clk 00:04:50]} {[%emt 00:00:04]} Kg5 {[%clk
00:04:34]} {[%emt 00:00:05]} 71. Re3 {[%clk 00:05:01]} {[%emt 00:00:19]} Qc4+
{[%clk 00:03:44]} {[%emt 00:01:20]} 72. Kd2 {[%clk 00:00:35]} {[%emt 00:04:55]}
Kf4 {[%clk 00:03:00]} {[%emt 00:01:15]} 73. Ke1 {[%clk 00:00:40]} {[%emt
00:00:24]} Qb5 {[%clk 00:03:24]} {[%emt 00:00:08]} 74. Rc3 {[%clk 00:00:33]}
{[%emt 00:00:37]} Qb4 {[%clk 00:03:26]} {[%emt 00:00:28]} 75. Kd2 {[%clk
00:01:00]} {[%emt 00:00:03]} Qd4+ {[%clk 00:03:50]} {[%emt 00:00:06]} 0-1

[Event "Amsterdam Science Park 2023"]
[Site "Science Park, Amsterdam, Netherlands"]
[Date "2023.07.20"]
[Round "6.11"]
[White "Achuthan, Dylan"]
[Black "Bosboom, Manuel"]
[Result "1/2-1/2"]
[WhiteElo "2065"]
[BlackElo "2374"]

1. d4 {[%clk 01:30:54]} {[%emt 00:00:05]} Nf6 {[%clk 01:20:05]} {[%emt
00:10:55]} 2. Bg5 {[%clk 01:30:31]} {[%emt 00:00:52]} e6 {[%clk 01:19:59]}
{[%emt 00:00:37]} 3. e4 {[%clk 01:30:52]} {[%emt 00:00:09]} d6 {[%clk
01:19:15]} {[%emt 00:01:15]} 4. Bxf6 {[%clk 01:29:30]} {[%emt 00:01:52]} Qxf6
{[%clk 01:19:23]} {[%emt 00:00:21]} 5. c3 {[%clk 01:29:27]} {[%emt 00:00:33]}
e5 {[%clk 01:17:58]} {[%emt 00:01:55]} 6. Bd3 {[%clk 01:29:06]} {[%emt
00:00:50]} Nc6 {[%clk 01:16:07]} {[%emt 00:02:21]} 7. Ne2 {[%clk 01:25:21]}
{[%emt 00:04:15]} h5 {[%clk 01:12:39]} {[%emt 00:03:58]} 8. O-O {[%clk
01:18:49]} {[%emt 00:07:02]} h4 {[%clk 01:10:04]} {[%emt 00:03:06]} 9. f4
{[%clk 01:01:21]} {[%emt 00:17:57]} h3 {[%clk 01:06:04]} {[%emt 00:04:31]} 10.
g3 {[%clk 00:57:39]} {[%emt 00:04:11]} exd4 {[%clk 01:03:24]} {[%emt 00:03:09]}
11. cxd4 {[%clk 00:56:06]} {[%emt 00:02:04]} Nxd4 {[%clk 01:01:22]} {[%emt
00:02:33]} 12. Qa4+ {[%clk 00:54:14]} {[%emt 00:02:22]} Nc6 {[%clk 01:01:15]}
{[%emt 00:00:37]} 13. Nbc3 {[%clk 00:53:41]} {[%emt 00:01:03]} Bd7 {[%clk
00:57:30]} {[%emt 00:04:15]} 14. Nd5 {[%clk 00:48:34]} {[%emt 00:05:37]} Qd8
{[%clk 00:57:32]} {[%emt 00:00:28]} 15. Qb3 {[%clk 00:47:21]} {[%emt 00:01:43]}
Ne7 {[%clk 00:54:59]} {[%emt 00:03:03]} 16. Bc4 {[%clk 00:38:55]} {[%emt
00:08:57]} Nxd5 {[%clk 00:53:58]} {[%emt 00:01:31]} 17. Bxd5 {[%clk 00:39:07]}
{[%emt 00:00:18]} c6 {[%clk 00:53:13]} {[%emt 00:01:14]} 18. Bxf7+ {[%clk
00:35:58]} {[%emt 00:03:39]} Ke7 {[%clk 00:53:41]} {[%emt 00:00:02]} 19. f5
{[%clk 00:32:27]} {[%emt 00:04:02]} Qb6+ {[%clk 00:53:28]} {[%emt 00:00:43]} 20.
Kh1 {[%clk 00:31:58]} {[%emt 00:00:58]} d5 {[%clk 00:49:41]} {[%emt 00:04:17]}
21. Be6 {[%clk 00:23:01]} {[%emt 00:09:27]} Qxb3 {[%clk 00:48:09]} {[%emt
00:02:03]} 22. axb3 {[%clk 00:23:19]} {[%emt 00:00:11]} Bxe6 {[%clk 00:39:21]}
{[%emt 00:09:18]} 23. fxe6 {[%clk 00:23:41]} {[%emt 00:00:09]} dxe4 {[%clk
00:35:04]} {[%emt 00:04:47]} 24. Nf4 {[%clk 00:17:36]} {[%emt 00:06:34]} Rh6
{[%clk 00:31:47]} {[%emt 00:03:47]} 25. Ra5 {[%clk 00:10:55]} {[%emt 00:07:12]}
b5 {[%clk 00:30:06]} {[%emt 00:02:11]} 26. Rfa1 {[%clk 00:10:15]} {[%emt
00:01:10]} g5 {[%clk 00:21:50]} {[%emt 00:08:46]} 27. Rxa7+ {[%clk 00:10:39]}
{[%emt 00:00:07]} Rxa7 {[%clk 00:22:16]} {[%emt 00:00:03]} 28. Rxa7+ {[%clk
00:11:03]} {[%emt 00:00:06]} Kd6 {[%clk 00:22:32]} {[%emt 00:00:13]} 29. Rd7+
{[%clk 00:08:03]} {[%emt 00:03:31]} Kc5 {[%clk 00:22:25]} {[%emt 00:00:37]} 30.
e7 {[%clk 00:06:18]} {[%emt 00:02:16]} Bxe7 {[%clk 00:22:45]} {[%emt 00:00:09]}
31. Rxe7 {[%clk 00:06:41]} {[%emt 00:00:07]} gxf4 {[%clk 00:22:45]} {[%emt
00:00:30]} 32. Rxe4 {[%clk 00:06:51]} {[%emt 00:00:20]} Rd6 {[%clk 00:22:33]}
{[%emt 00:00:41]} 33. b4+ {[%clk 00:06:55]} {[%emt 00:00:27]} Kb6 {[%clk
00:22:54]} {[%emt 00:00:10]} 34. Kg1 {[%clk 00:07:04]} {[%emt 00:00:20]} fxg3
{[%clk 00:21:19]} {[%emt 00:02:05]} 35. hxg3 {[%clk 00:06:58]} {[%emt
00:00:36]} Rd2 {[%clk 00:21:40]} {[%emt 00:00:08]} 36. Rh4 {[%clk 00:02:02]}
{[%emt 00:05:26]} Rg2+ {[%clk 00:21:45]} {[%emt 00:00:24]} 37. Kf1 {[%clk
00:01:13]} {[%emt 00:01:19]} Rxg3 {[%clk 00:22:10]} {[%emt 00:00:06]} 38. Ke1
{[%clk 00:00:58]} {[%emt 00:00:45]} Rb3 {[%clk 00:19:12]} {[%emt 00:03:27]} 39.
Kd1 {[%clk 00:00:34]} {[%emt 00:00:54]} Rxb2 {[%clk 00:19:27]} {[%emt
00:00:16]} 40. Kc1 {[%clk 00:00:58]} {[%emt 00:00:06]} Rb3 {[%clk 00:16:47]}
{[%emt 00:03:10]} 41. Kc2 {[%clk 00:01:13]} {[%emt 00:00:15]} Rf3 {[%clk
00:16:55]} {[%emt 00:00:22]} 42. Rh7 {[%clk 00:01:23]} {[%emt 00:00:20]} Rg3
{[%clk 00:15:30]} {[%emt 00:01:55]} 43. Kb2 {[%clk 00:00:33]} {[%emt 00:01:20]}
Rg2+ {[%clk 00:11:08]} {[%emt 00:04:53]} 44. Kb3 {[%clk 00:00:33]} {[%emt
00:00:29]} h2 {[%clk 00:11:28]} {[%emt 00:00:10]} 45. Ka3 {[%clk 00:30:19]}
{[%emt 00:00:44]} Rg3+ {[%clk 00:38:23]} {[%emt 00:03:35]} 46. Kb2 {[%clk
00:30:25]} {[%emt 00:00:21]} 1/2-1/2